Où en est-on dans les différentes affaires de Nicolas Sarkozy ? - Statistiques

Statistiques générales
  • Ce quiz a été pris 11 fois
  • Le résultat moyen est 6 sur 12
Statistiques - réponses
Question Réponse % Correct
Affaire des écoutes / "Affaire Paul Bismuth" (Soupçons de corruption et de trafic d'influences auprès de Gilbert Azibert, magistrat à la Cour de cassation) Condamnation
82%
Soupçons de financement libyen lors de la campagne présidentielle de 2007 Affaire en cours
73%
Affaire Bettancourt (Soupçons d'abus de faiblesse vis à vis de Liliane Bettancourt) Affaire terminée sans mise en cause
73%
Affaire de la fausse rétractation de Ziad Takieddine (Soupçons de recel de subornation de témoin) Affaire en cours
64%
Soupçons de trafic d'influence vis à vis de la compagnie d'assurances russe Reso-Garantia Affaire en cours
64%
Affaire Lagardère-Qatar (Soupçon d'achat de votes dans le cadre de l'attribution de la coupe du monde de 2022 au Qatar) Affaire en cours
55%
Affaire Tapie - Crédit lyonnais (Soupçon de favoritisme en faveur de Bernard Tapie) Affaire terminée sans mise en cause
55%
Affaire Karachi (Soupçons de financements illégaux de campagne de Balladur lors de l'élection présidentielle de 1995) Affaire terminée sans mise en cause
55%
Qatargate (Soupçons de corruption vis à vis du Qatar dans l'attribution de la Coupe du Monde de 2022) Affaire en cours
45%
Dépassement du plafond des comptes de campagnes de l'élection présidentielle de 2012 Affaire terminée sans mise en cause
27%
Affaire des sondages de l'Elysée (Soupçons de favoritisme) Affaire terminée sans mise en cause
27%
Affaire Bygmalion (Soupçon de rédaction de fausses factures lors de la campagne présidentielle de 2012) Condamnation
27%
Aucun quiz correspondant
Distribution des résultats
% des personnes avec chaque résultat
Percentile par nombre de réponses
Votre historique - résultats
Vous n’avez pas pris ce quiz